000 00413nam a2200145Ia 4500
008 100204s9999 xx 000 0 und d
082 _b25190
100 _aकाळे विजया
245 _aफुलोरा
260 _b"श्रीकल्प प्रकाशन, मुंबई"
_c2002
300 _a189
630 _aफुलोरा
730 _aफुलोरा
942 _cBOOK
999 _c470369
_d470366